El reto ambiental del desarrollo en América Latina y el Caribe
Guardat en:
| Autor corporatiu: | , |
|---|---|
| Format: | Llibre |
| Idioma: | espanyol |
| Publicat: |
Santiago
Comisión Económica para América Latina y El Caribe
1990
|
| Matèries: | |
| Etiquetes: |
Afegir etiqueta
Sense etiquetes, Sigues el primer a etiquetar aquest registre!
|
MARC
| LEADER | 00000nam a2200000 a 4500 | ||
|---|---|---|---|
| 001 | UCI2010 | ||
| 003 | CL-VaPUC | ||
| 008 | 070727e19900000CL |||||||||||||||||spa|d | ||
| 020 | |a 7097010 | ||
| 082 | 0 | 4 | |a 344.046 |b COM |2 21 |
| 110 | 2 | |a Comisión Económica para América Latina y El Caribe |e author |9 522848 | |
| 710 | 2 | |a Programa de las Naciones Unidas para el Medio Ambiente |e author |9 522849 | |
| 245 | 1 | 3 | |a El reto ambiental del desarrollo en América Latina y el Caribe |
| 300 | |a 121 p | ||
| 942 | |c BK | ||
| 945 | |d 20070727 00:00:00 |a jtorresc | ||
| 260 | |a Santiago |b Comisión Económica para América Latina y El Caribe |c 1990 | ||
| 650 | 0 | |a Política ambiental |9 262970 | |
| 650 | 0 | |a Protección del medio ambiente |9 257626 | |
| 651 | 0 | |a América Latina |9 255027 | |
| 583 | |a last modification |c 20070727 00:00:00 |k Rodrigo Vera | ||
| 999 | |c 326675 |d 326673 | ||
| 952 | |0 0 |1 0 |4 0 |6 344_046000000000000_COM_1990 |7 0 |8 A |9 408730 |a BIBDER |b BIBDER |d 2019-11-22 |i 4123158 |o 344.046 COM 1990 |p 4123158 |r 2023-01-25 |w 2019-11-22 |y BK |k DER | ||